000 00464nam a2200169Ia 4500
999 _c1215
_d1215
003 OSt
005 20200923125003.0
008 190216s9999||||xx |||||||||||||| ||und||
040 _coclc
082 _a581.38
_bBOW/P
100 _aBower, F O
_94870
245 0 _aPrimitive Land Plants /
_cF O Bower
260 _bHafner Publishing,
_c1967.
_aNew York:
300 _a658p
650 _aBotany
942 _cBK
_2ddc
_h581.38
_iBOW/P
_k581.38
_mBOW/P